Normal view
MARC view
- Lumby,Steve
Entry Personal Name
001 - CONTROL NUMBER
- control field: 3289
003 - CONTROL NUMBER IDENTIFIER
- control field: JO-AjAnu
005 - DATE AND TIME OF LATEST TRANSACTION
- control field: 20230606070836.0
008 - FIXED-LENGTH DATA ELEMENTS
- fixed length control field: 230606|| aca||aabn | a|a d
040 ## - CATALOGING SOURCE
- Original cataloging agency: JO-AjAnu
- Transcribing agency: JO-AjAnu
100 ## - HEADING--PERSONAL NAME
- Personal name: Lumby,Steve
670 ## - SOURCE DATA FOUND
- Source citation: Work cat.: (JO-AjAnu)1720: Lumby,Steve, author, Investment Appraisal Financial Decisions